00602nam a22001697a 4500020001800000040000900018082001800027100004800045110005100093245004500144250002000189260004000209650004500249942001200294999001900306952010700325 a9780470918012 cNUST a621.4021bPRI aMichael J. Moran, Howard N. Shapiro9124737 aDaisie D. Boettner, Margaret B. Bailey9124738 aPrinciples of Engineering Thermodynamics aseventh Edition aAmerica:bJohn Wiley & Sons,c2012. 2Principles of Engineering Thermodynamics 2ddccBK c610541d610541 00102ddc4070aCEMEbCEMEcGENd2024-07-22l0o621.4021 PRIpCEME- 46759r2024-07-22w2024-07-22yBK